Welcome to CU Library Online Public Access Catalogue (OPAC)

Planning Theory for Practitioners (Record no. 5570)

MARC details
000 -LEADER
fixed length control field 00468nam a22001697a 4500
005 - DATE AND TIME OF LATEST TRANSACTION
control field 20250425202831.0
008 - FIXED-LENGTH DATA ELEMENTS--GENERAL INFORMATION
fixed length control field 250425b |||||||| |||| 00| 0 eng d
020 ## - INTERNATIONAL STANDARD BOOK NUMBER
International Standard Book Number 9781138487291
050 ## - LIBRARY OF CONGRESS CALL NUMBER
Classification number HD30
Item number .B7754 BRO
100 ## - MAIN ENTRY--PERSONAL NAME
Personal name Brooks Michael P.
245 ## - TITLE STATEMENT
Title Planning Theory for Practitioners
Statement of responsibility, etc. Michael P. Brooks, AICP
260 ## - PUBLICATION, DISTRIBUTION, ETC.
Place of publication, distribution, etc. New York
Name of publisher, distributor, etc. Taylor & Francis
Date of publication, distribution, etc. 2017
300 ## - PHYSICAL DESCRIPTION
Extent 217p.
Dimensions 21 cm
500 ## - GENERAL NOTE
General note Includes Index
650 ## - SUBJECT ADDED ENTRY--TOPICAL TERM
Source of heading or term Planning
942 ## - ADDED ENTRY ELEMENTS (KOHA)
Source of classification or shelving scheme Library of Congress Classification
Koha item type Books
Suppress in OPAC No
999 ## -
-- 5570
-- 5570
Holdings
Withdrawn status Lost status Source of classification or shelving scheme Damaged status Not for loan Collection Home library Current library Shelving location Date acquired Total checkouts Full call number Barcode Date last seen Copy number Price effective from Koha item type
    Library of Congress Classification     Non-fiction Business Library (Miotso) Business Library (Miotso) General stacks 04/25/2025   HD30 .B7754 BRO BSSM00002040 04/25/2025 1 04/25/2025 Books
© 2023-2024 Copyright: Central University Libraries. All Rights Reserved | Created by: Mahone Tech Office